000 00367pab a2200145 454500
008 180718b2017 xxu||||| |||| 00| 0 eng d
100 _aOraon, Ram Chandra
245 _aRelevance of tribal customary rights: a global perspective
260 _c2017
300 _ap.241-252.
362 _aJul-Sep
650 _aTribes
773 _aSocial Action
909 _a115649
999 _c115643
_d115643